000 00674nam a2200193 i 4500
001 25616
003 ES-MaACL
005 20251005063033.0
007 t|
008 021227s1872 sp ||||1| spa d
100 1 _aAriosto, Lodovico,
_d1474-1533
_922846
245 1 0 _aOrlando Furioso /
_cpoema escrito en italiano por Lodovico Ariosto y traducido al castellano por Manuel Aranda y Sanjuán.
260 _aBarcelona :
_bLa Ilustración,
_c1872 (
_fTip. Jaime Jepús)
300 _a2 v. ;
_c22 cm.
700 1 _aAranda y Sanjuán, Manuel,
_d1845-1900
_922295
700 1 _aAguilera, Emiliano M.
_918758
852 _aES-MaACL
_jC-3233-34
999 _c25616
_d25616